Deutsche Musiker nach Buchstabe - S - Statistiken

Allgemein
  • Dieses Quiz wurde 251 mal gespielt
  • Das Durchschnittsergebnis liegt bei 11 aus 20
Antwortstatistiken
Aktive Jahre Songs Antwort % Korrekt
1993- Hyper Hyper | How Much Is the Fish? Scooter
83%
1997- Bilder im Kopf | Astronaut Sido
83%
1995- ’54, ’74, ’90, 2006 | Applaus, Applaus Sportfreunde Stiller
83%
1965- Wind Of Change | Rock You Like A Hurricane Scorpions
77%
1975- Katzeklo | Sommer, Sonne, Kaktus! Schneider, Helge
71%
1979- Major Tom (völlig losgelöst) | Die Wüste lebt (Alarmsignal …) Schilling, Peter
66%
1998- Augenbling | Ding Seeed
65%
2000- Das Beste | Symphonie Silbermond
63%
1977- Skandal im Sperrbezirk | Schickeria Spider Murphy Gang
61%
1999- Ich will nur dass du weißt | Die Nacht von Freitag auf Montag SDP
48%
2013- Rooftop | Play With Fire Santos, Nico
47%
1989-1996, 2000- Rhythm Is A Dancer | The Power Snap!
45%
1995- Das hat die Welt noch nicht gesehen | Und wenn ein Lied Söhne Mannheims
41%
2013- Sugar | Prayer in C Schulz, Robin
39%
2009- Cataleya | Wieder Lila Samra
37%
1976- (I’ll Never Be) Maria Magdalena | In The Heat Of The Night Sandra
36%
1996- If You Believe | Lucky Day Sasha
33%
2008-2017, 2019- Dodi | Affalterbach Shindy
31%
2008- You Let Me Walk Alone | Falling Apart Schulte, Michael
29%
1995- Du liebst mich nicht | Glaubst du mir? Setlur, Sabrina
26%
Keine übereinstimmenden Quizze gefunden
Verteilung der Resultate
Anzahl Personen mit jedem Resultat
Perzentil nach korrekt beantworteten Fragen
Ihre Resultats-Entwicklung
Sie haben dieses Quiz noch nicht gespielt